|
|
|
|
| LEADER |
00000cam a2200000 7i4500 |
| 001 |
0000007190 |
| 002 |
000007735 |
| 005 |
20011210.0 |
| 020 |
|
|
|a 9679712958
|
| 090 |
0 |
0 |
|a 510
|b BUL
|
| 100 |
1 |
|
|a Bulloch, Ivan
|
| 245 |
1 |
0 |
|a Ukuran :
|b bantu anak anda bergembira dengan matematik
|c Ivan Bulloch
|
| 260 |
|
|
|a Petaling Jaya :
|b Flo Enterprise Sdn.Bhd. ,
|c 1996
|
| 300 |
|
|
|a 32 p. :
|b ill. ;
|c 23 cm.
|
| 650 |
0 |
0 |
|a Measurement
|x Juvenile literature
|
| 999 |
|
|
|a 051787
|b BUKU
|c PINJAMAN
|e PERPUSTAKAAN KOMUNITI PETALING JAYA
|
| 999 |
|
|
|a 051788
|b BUKU
|c JUNIOR BOOKS
|e PERPUSTAKAAN KOMUNITI PETALING JAYA
|
| 999 |
|
|
|a 051789
|b BUKU
|c PINJAMAN
|e PERPUSTAKAAN KOMUNITI PETALING JAYA
|
| 999 |
|
|
|a 054801
|b BUKU
|c PINJAMAN
|e PERPUSTAKAAN KOMUNITI CAW KOTA DAMANSARA
|
| 999 |
|
|
|a 054802
|b BUKU
|c JUNIOR BOOKS
|e PERPUSTAKAAN KOMUNITI CAW KOTA DAMANSARA
|